00477 a2200133 4500001000700000020001800007040003200025245005200057260001600109300002500125520015900150650001300309650002100322121538 a9788539400799 cEscola Canadense de Niteroi10a1000 Primeiras Palavras: Português - Inglês aSão Paulo bil.c4 x 32 x 0.8 cm aNa escola ou em casa, agora estudar Inglês ficou muito mais gostoso! Este livro, com muitas imagens coloridas, traz mil nomes em Português e Inglês. 4aPalavras 4aNão Ficção